000 01416nam1a22002891i 4500
001 rc\3707150
005 20240726045215.0
035 _a(NLR Aleph) 007766234
090 _a7419817
_c7419817
100 _a20130115g19691970|||y0rusy50 ca
101 1 _arus
_cund
102 _aRU
105 _ay z |||||
200 1 _aСборник результатов измерений гамма-излучения, возникающего при захвате тепловых нейтронов
_eВ 3 ч.]
_eЧ. 1-3
_fГ.А. Бартоломью, А. Довейка, К.М. Иствуд [и др.
210 _aМосква
_cАтомиздат
_d1969-1970
215 _a3 т.
_d28
300 _aНа тит. л. и обл. только загл. журн. на рус. яз.: "Ядерные данные. Журнал, посвящ. обзору и оценке эксперим. и теорет. данных в ядерной физике"
300 _aОписано по 1-й с. текста
300 _aПер. из журн.: Nuclear data, section A, № 3 (1967), А5, № 1-2 (1968), А5, № 3-4 (1969) с сохранением паг. журн.
512 0 _aЯдерные данные
701 1 _aДовейка
_bА.
701 1 _aИствуд
_bК.М.
701 1 _aБартоломью
_bГ.А.
801 0 _aRU
_bNLR
_gpsbo
801 1 _aRU
_bELAR
_2rusmarc
852 _aNLR
_j69-8/1641
942 _cBOOK